[Event "Black Lives Matter"]
[Site "SchemingMind.com"]
[Date "2020.11.01"]
[Round "-"]
[White "David Perna-Fraser"]
[Black "Abstract Actuary"]
[Result "1-0"]
[WhiteCountry "CAN"]
[BlackCountry "USA"]
[WhiteElo "1839"]
[WhiteRD "74"]
[BlackElo "1873"]
[BlackRD "73"]
[GameID "461462"]

1. e4 e6 2. d4 d5 3. exd5 exd5 4. Nf3 Nf6 5. Bd3 Bd6 6. O-O O-O 7. h3 c5 8. c3 Nc6 9. Be3 cxd4 10. Bxd4 Nxd4
11. Nxd4 a6 12. Bf5 Bxf5 13. Nxf5 Bc5 14. Qf3 a5 15. Qg3 g6 16. Nh6+ Kg7 17. Qg5 Ne4 18. Nf5+ Kh8 19. Qxd8 Raxd8 20. Nd4 Rfe8
21. a3 Kg7 22. b4 Bb6 23. Rd1 Rc8 24. bxa5 Bxa5 25. a4 Nxc3 26. Nxc3 Bxc3 27. Rab1 Rc4 28. Nb5 Be5 29. Rxd5 Rxa4 30. Rbd1 Ra2
31. g4 Bf4 32. Rd7 b6 33. Rb7 Rb2 34. Rdd7 Re1+ 35. Kg2 Be3 36. Rxf7+ Kh6 37. h4 g5 38. Rf6#
1-0

[Event "Black Lives Matter"]
[Site "SchemingMind.com"]
[Date "2020.11.01"]
[Round "-"]
[White "David Perna-Fraser"]
[Black "Black Knight"]
[Result "1-0"]
[WhiteCountry "CAN"]
[BlackCountry "USA"]
[WhiteElo "1839"]
[WhiteRD "74"]
[BlackElo "1302"]
[BlackRD "58"]
[GameID "461463"]

1. e4 e5 2. Nf3 Nc6 3. Bb5 d6 4. d4 Bd7 5. dxe5 Nxe5 6. Bxd7+ Qxd7 7. Nxe5 dxe5 8. O-O Nf6 9. Nc3 Qxd1 10. Rxd1 Be7
11. Bg5 O-O 12. Bxf6 Bxf6 13. Rd7 Rad8 14. Rxc7 Rd2 15. Nd5 Rd8 16. Nxf6+ gxf6 17. g3 R8d4 18. Re1 b5 19. c3 R4d3 20. Rb1 Rd1+
21. Rxd1 Rxd1+ 22. Kg2 a5 23. Rc5 Re1 24. Rxb5 Rxe4 25. Rxa5 Re2 26. b4 Kf8 27. a4 Rc2 28. Rc5 e4 29. Kf1 Ke7 30. a5 Kd6
31. a6 Ra2 32. Ra5 Rxa5 33. bxa5 Kc7 34. Ke2 Kb8 35. Ke3 f5 36. Kf4 Ka7 37. Kxf5 Kxa6 38. Kxe4 Kxa5 39. Kd5 Kb5 40. c4+ Kb6
41. Kd6 Kb7 42. c5 Kc8 43. c6 h5 44. h4 f6 45. c7 f5 46. f3
1-0

[Event "Black Lives Matter"]
[Site "SchemingMind.com"]
[Date "2020.11.01"]
[Round "-"]
[White "Ulrich Klapp"]
[Black "David Perna-Fraser"]
[Result "0-1"]
[WhiteCountry "GER"]
[BlackCountry "CAN"]
[WhiteElo "1680"]
[WhiteRD "83"]
[BlackElo "1870"]
[BlackRD "73"]
[GameID "461464"]

1. d4 Nf6 2. c4 e6 3. Nc3 Bb4 4. Bd2 Bxc3 5. Bxc3 d5 6. e3 Ne4 7. Bb4 a5 8. Ba3 Na6 9. Bd3 Bd7 10. Nf3 Nb4
11. Be2 O-O 12. O-O Re8 13. cxd5 exd5 14. Qb3 Bg4 15. Rfe1 Bxf3 16. Bxf3 Nd2 17. Qc3 Nxf3+ 18. gxf3 Re6 19. Bxb4 axb4 20. Qxb4 Qh4
21. Qxb7 Rae8 22. Qxc7 Rh6 23. Rec1 Rg6+ 24. Kf1 Qh3+ 25. Ke2 Rf6 26. f4 Qg4+ 27. Kd2 Qf3 28. Qd7 Qxf2+ 29. Kc3 Rxe3+
0-1

[Event "Black Lives Matter"]
[Site "SchemingMind.com"]
[Date "2020.11.01"]
[Round "-"]
[White "David Perna-Fraser"]
[Black "John Hamer"]
[Result "1/2-1/2"]
[WhiteCountry "CAN"]
[BlackCountry "ENG"]
[WhiteElo "1788"]
[WhiteRD "73"]
[BlackElo "1980"]
[BlackRD "62"]
[GameID "461465"]

1. e3 Nf6 2. d4 g6 3. c4 Bg7 4. Nf3 O-O 5. Be2 d6 6. O-O Nbd7 7. Nc3 e5 8. dxe5 dxe5 9. Nd5 e4 10. Nxf6+ Nxf6
11. Nd4 Qe7 12. Qc2 Rd8 13. Bd2 Bd7 14. Bc3 c5 15. Nb3 Rac8 16. Rad1 Bf5 17. Rxd8+ Qxd8 18. Rd1 Qe7 19. h3 h5 20. Rd2 Rc6
21. Qd1 Rc8 22. Qc2=
1/2-1/2

[Event "Black Lives Matter"]
[Site "SchemingMind.com"]
[Date "2020.10.31"]
[Round "-"]
[White "Derek Price"]
[Black "David Perna-Fraser"]
[Result "0-1"]
[WhiteCountry "ENG"]
[BlackCountry "CAN"]
[WhiteElo "2181"]
[WhiteRD "72"]
[BlackElo "1937"]
[BlackRD "78"]
[GameID "461466"]

1. c4 e6 2. g3 f5 3. Bg2 Nf6 4. Nc3 Bb4 5. Qb3 c5 6. Nf3 Nc6 7. O-O O-O 8. a3 Ba5 9. Rd1 d6 10. d3 e5
11. Bg5 Bxc3 12. bxc3 h6 13. Be3 Qe8 14. Bd2 b6 15. Ra2 Bd7 16. Ne1 g5 17. Qc2 Qh5 18. h3 Rae8 19. Bc1 f4 20. g4 Qg6
21. Nf3 h5 22. Nh2 hxg4 23. Nxg4 e4 24. Nxf6+ Rxf6 25. Bxe4 Qh5 26. d4 Qxh3 27. Bd5+ Kg7 28. Rd3 Qg4+ 29. Kf1 Rh8 30. Bf3 Rfh6
31. e4 Rh1+ 32. Ke2 Qh3 33. Bxh1 Qxh1 34. Rd1 Bg4+ 35. Kd2 Qf3 36. Bb2 Qxf2+ 37. Kc1 Qxc2+ 38. Kxc2 Bxd1+ 39. Kxd1 Rh2 40. Ke1 f3
41. Kf1 g4 42. Ra1 Rxb2 43. Kg1 cxd4 44. cxd4 Nxd4 45. Kf1 g3 46. Rc1 g2+ 47. Kg1 Ne2+ 48. Kf2 Nxc1+ 49. Kxf3 g1=Q
0-1

[Event "Black Lives Matter"]
[Site "SchemingMind.com"]
[Date "2020.10.31"]
[Round "-"]
[White "Helga1946"]
[Black "David Perna-Fraser"]
[Result "1-0"]
[WhiteCountry "GER"]
[BlackCountry "CAN"]
[WhiteElo "2280"]
[WhiteRD "68"]
[BlackElo "1870"]
[BlackRD "73"]
[GameID "461467"]

1. Nf3 Nf6 2. c4 c5 3. Nc3 Nc6 4. g3 d6 5. Bg2 g6 6. O-O Bg7 7. d4 Nxd4 8. Nxd4 cxd4 9. Qxd4 O-O 10. Qd3 Bf5
11. e4 Bd7 12. h3 Bc6 13. Be3 Nd7 14. Qd2 Ne5 15. b3 f5 16. f4 Nd7 17. exf5 Rxf5 18. Rae1 Bxg2 19. Kxg2 Nc5 20. Bd4 Bxd4
21. Qxd4 Qf8 22. Nd5 Rf7 23. b4 Nd7 24. Nc7 Rc8 25. Ne6 Qe8 26. Ng5 Rf5 27. Kg1 Nb6 28. Ne6 Rf7 29. c5 dxc5 30. bxc5 Nd7
31. Ng5 Rf5 32. Qc4+ Kh8 33. Ne4 Nxc5 34. Nd6 exd6 35. Rxe8+ Rxe8 36. g4 Rff8 37. f5 gxf5 38. Qd4+ Kg8 39. Qxd6 Ne4 40. Qd5+ Kh8
41. Rxf5 Rxf5 42. Qxf5 Kg8 43. Qd7 Nf6 44. Qxb7 a5 45. g5 Ne4 46. Qd5+ Kf8 47. a4 Re7 48. h4 Kg7 49. h5 Kf8 50. h6 Ke8
51. Kg2 Nxg5 52. Qxg5 Kd7 53. Qxa5 Ke6 54. Qe1+ Kf6 55. Qh4+ Ke6 56. a5 Rd7 57. a6 Rd2+ 58. Qf2 Rxf2+ 59. Kxf2 Kf6 60. a7 Kg6
61. a8=Q Kxh6 62. Qg8 Kh5 63. Kg3 h6 64. Qg4#
1-0

[Event "Black Lives Matter"]
[Site "SchemingMind.com"]
[Date "2020.11.01"]
[Round "-"]
[White "dpickin"]
[Black "David Perna-Fraser"]
[Result "0-1"]
[WhiteCountry "ENG"]
[BlackCountry "CAN"]
[WhiteElo "1564"]
[WhiteRD "60"]
[BlackElo "1870"]
[BlackRD "73"]
[GameID "461468"]

1. d4 Nf6 2. c4 e6 3. Nc3 Bb4 4. Bd2 c5 5. e3 O-O 6. Nf3 Nc6 7. d5 exd5 8. Nxd5 Nxd5 9. cxd5 Bxd2+ 10. Qxd2 Ne7
11. d6 Nc6 12. Qd5 Qa5+ 13. Nd2 Nb4 14. Qb3 b5 15. a3 Bb7 16. Bxb5 Qxb5 17. a4 Nd3+ 18. Kd1 Qxb3+ 19. Nxb3 Nxf2+ 20. Ke2 Nxh1
21. Rxh1 Bxg2 22. Rg1 Rab8 23. Nxc5 Rxb2+ 24. Kd3 Bh3 25. Rg3 Be6 26. h4 Rc8
0-1

[Event "Black Lives Matter"]
[Site "SchemingMind.com"]
[Date "2020.11.01"]
[Round "-"]
[White "David Perna-Fraser"]
[Black "Mihir Chandrashekhar"]
[Result "1-0"]
[WhiteCountry "CAN"]
[BlackCountry "IND"]
[WhiteElo "1870"]
[WhiteRD "73"]
[BlackElo "1784"]
[BlackRD "74"]
[GameID "461469"]

1. e4 c5 2. Nf3 Nc6 3. d4 cxd4 4. Nxd4 Nf6 5. Nc3 e5 6. Ndb5 d6 7. Bg5 a6 8. Na3 b5 9. Nd5 Be7 10. Bxf6 Bxf6
11. c4 b4 12. Nc2 Rb8 13. b3 Bg5 14. Be2 O-O 15. O-O a5 16. Nce3 Nd4 17. Bg4 Bxg4 18. Qxg4 Bh6 19. Rad1 Kh8 20. f4 Qc8
21. f5 Bxe3+ 22. Nxe3 f6 23. Nd5 Rb7 24. Rd3 g6 25. Rg3 g5 26. Kh1 Qe8 27. Rh3 Rg7 28. Rh6 Qd8 29. Qh5 Rgf7 30. Nxf6
1-0

[Event "Black Lives Matter"]
[Site "SchemingMind.com"]
[Date "2020.10.29"]
[Round "-"]
[White "Kenny Elliott"]
[Black "abuteague"]
[Result "1/2-1/2"]
[WhiteCountry "USA"]
[BlackCountry "USA"]
[WhiteElo "1562"]
[WhiteRD "54"]
[BlackElo "1619"]
[BlackRD "81"]
[GameID "461497"]

1. d4 d6 2. e4 Nf6 3. Nc3 c6 4. a3 Nbd7 5. Nf3 e6 6. Bg5 Be7 7. Bc4 d5 8. exd5 cxd5 9. Bb5 O-O 10. O-O a6
11. Bxd7 Bxd7 12. Re1 h6 13. Bxf6 Bxf6 14. a4 b5 15. axb5 Bxb5 16. Nxb5 axb5 17. Rxa8 Qxa8 18. c3 Qa2 19. Qe2 Ra8 20. Qxb5 g5
21. b4 Qa3 22. Qc5 Qb2 23. Qc7 g4 24. Ne5 Bxe5 25. dxe5 Ra1 26. Kf1 Rxe1+ 27. Kxe1 Qc1+ 28. Ke2 Qc2+ 29. Ke3 Qe4+ 30. Kd2 Qxg2
31. Qd8+ Kg7 32. Qf6+ Kg8 33. Kd3 Qe4+ 34. Kd2 Qc4 35. Qd8+ Kg7 36. Qf6+ Kg8 37. Qxh6 Qa2+ 38. Kd3 Qc4+ 39. Kd2 Qa2+ 40. Ke3 Qc4
41. Qg5+ Kf8 42. Qd8+ Kg7 43. Qf6+ Kg8 44. Qd8+ Kg7 45. Qf6+ Kf8 46. Qd8+ Kg7 47. Qf6+ Kf8 48. Qd8+ Kg7
1/2-1/2

[Event "Black Lives Matter"]
[Site "SchemingMind.com"]
[Date "2020.10.29"]
[Round "-"]
[White "echecs"]
[Black "abuteague"]
[Result "1-0"]
[WhiteCountry "ENG"]
[BlackCountry "USA"]
[WhiteElo "1848"]
[WhiteRD "68"]
[BlackElo "1629"]
[BlackRD "82"]
[GameID "461498"]

1. e4 d6 2. d4 Nf6 3. Nc3 c6 4. Nf3 Qa5 5. Bd2 e5 6. Be2 exd4 7. Nxd4 Be7 8. Nd5 Qd8 9. Nxe7 Qxe7 10. f3 Nbd7
11. Nf5 Qf8 12. Bc3 Nb6 13. Qxd6 Qxd6 14. Nxd6+ Ke7 15. Bb4 Ke6 16. O-O Nfd7 17. Rad1 c5 18. Bc3 f6 19. f4 Rd8 20. Bg4+ Ke7
21. Ba5 Kf8 22. Nxc8 Raxc8 23. Bxb6 Nxb6 24. Bxc8
1-0

[Event "Black Lives Matter"]
[Site "SchemingMind.com"]
[Date "2020.10.28"]
[Round "-"]
[White "abuteague"]
[Black "Gilligan"]
[Result "0-1"]
[WhiteCountry "USA"]
[BlackCountry "USA"]
[WhiteElo "1629"]
[WhiteRD "82"]
[BlackElo "1666"]
[BlackRD "60"]
[GameID "461499"]

1. d4 d5 2. c4 e6 3. Nf3 Nf6 4. Nc3 c6 5. e3 a6 6. Qc2 Be7 7. b3 O-O 8. c5 Nbd7 9. Bd3 h6 10. O-O Qc7
11. e4 e5 12. Be3 b6 13. cxb6 Qd6 14. dxe5 Nxe5 15. Nxe5 Qxe5 16. exd5 Bd6 17. g3 Qh5 18. Be2 Ng4 19. Bxg4 Bxg4 20. f4 cxd5
21. Rae1 Rfd8 22. Bd4 Rac8 23. Qb2 Bb4 24. Re5 Bxc3 25. Bxc3 Qg6 26. Bd4 Rc2 27. Qa1 Bh3 28. Rf2 Qd3 29. Re3 Qxd4
0-1

[Event "Black Lives Matter"]
[Site "SchemingMind.com"]
[Date "2020.10.29"]
[Round "-"]
[White "abuteague"]
[Black "Black Knight"]
[Result "1-0"]
[WhiteCountry "USA"]
[BlackCountry "USA"]
[WhiteElo "1629"]
[WhiteRD "82"]
[BlackElo "1290"]
[BlackRD "59"]
[GameID "461500"]

1. d4 d5 2. c4 dxc4 3. a4 Nf6 4. e3 e5 5. Nf3 Bg4 6. Bxc4 Bb4+ 7. Bd2 Bxd2+ 8. Qxd2 Bxf3 9. gxf3 O-O 10. dxe5 Qxd2+
11. Nxd2 Nfd7 12. f4 Nc6 13. Bd5 Rad8 14. Bxc6 bxc6 15. Ne4 Rde8 16. Rc1 Re6 17. O-O Rg6+ 18. Kh1 f5 19. Nc5 Rd8 20. Nxd7 Rxd7
21. Rc2 Rd5 22. Rfc1 c5 23. Rxc5 Rd2 24. Rxc7 Re6 25. Kg2 Rxb2 26. Rxa7 Rb8 27. Rcc7 Rg6+ 28. Kf3 Rf8 29. a5 Re6 30. Rxg7+
1-0

[Event "Black Lives Matter"]
[Site "SchemingMind.com"]
[Date "2020.11.02"]
[Round "-"]
[White "Ulrich Klapp"]
[Black "abuteague"]
[Result "0-1"]
[WhiteCountry "GER"]
[BlackCountry "USA"]
[WhiteElo "1707"]
[WhiteRD "80"]
[BlackElo "1619"]
[BlackRD "81"]
[GameID "461501"]

1. c4 Nf6 2. Nc3 c6 3. e4 d6 4. d3 e5 5. Bg5 Be7 6. Be2 h6 7. Bh4 O-O 8. Nf3 a6 9. O-O Bg4 10. h3 Be6
11. a4 Nh7 12. Bxe7 Qxe7 13. Qb3 a5 14. Rfd1 Na6 15. d4 exd4 16. Nxd4 Nc5 17. Qc2 Qg5 18. Qd2 Qg6 19. Nxe6 Qxe6 20. Qf4 Rfd8
21. Bg4 Qe7 22. b3 Nxb3 23. Rab1 Nc5 24. Qe3 Nf6 25. Rb2 Nxg4 26. Qe2 Nf6 27. Qf3 Re8 28. e5 dxe5 29. Rbd2 Nb3 30. Rd3 Nd4
31. Qe3 c5
0-1

[Event "Black Lives Matter"]
[Site "SchemingMind.com"]
[Date "2020.10.29"]
[Round "-"]
[White "abuteague"]
[Black "John Hamer"]
[Result "0-1"]
[WhiteCountry "USA"]
[BlackCountry "ENG"]
[WhiteElo "1629"]
[WhiteRD "82"]
[BlackElo "1980"]
[BlackRD "62"]
[GameID "461502"]

1. d4 Nf6 2. Bg5 d5 3. Bxf6 exf6 4. e3 Bd6 5. c4 dxc4 6. Bxc4 O-O 7. Nc3 c6 8. Nf3 Nd7 9. O-O f5 10. Re1 Nf6
11. Qc2 Qe7 12. Rad1 Bd7 13. a3 Rfd8 14. Bd3 g6 15. b4 Be6 16. Nd2 Rac8 17. Na4 Nd5 18. Nc5 b6 19. Nxe6 fxe6 20. h3 Kh8
21. Nc4 Bc7 22. Rc1 b5 23. Nb2 Qg5 24. Kh1 Rd6 25. Qc5 Ra8 26. a4 Rdd8 27. axb5 Bd6 28. Qxc6 Bxb4 29. Rg1 Ba3 30. Rc2 Qe7
31. Nc4 Rac8
0-1

[Event "Black Lives Matter"]
[Site "SchemingMind.com"]
[Date "2020.10.29"]
[Round "-"]
[White "Derek Price"]
[Black "abuteague"]
[Result "1-0"]
[WhiteCountry "ENG"]
[BlackCountry "USA"]
[WhiteElo "2259"]
[WhiteRD "72"]
[BlackElo "1629"]
[BlackRD "82"]
[GameID "461503"]

1. c4 g6 2. Nf3 Bg7 3. g3 Nf6 4. Bg2 d5 5. cxd5 Nxd5 6. d4 O-O 7. O-O Nb6 8. Nc3 Nc6 9. e3 Re8 10. Re1 a5
11. Qe2 Be6 12. Nd2 Rb8 13. b3 Nb4 14. Nce4 Nc2 15. Bb2 Nxe1 16. Rxe1 Nd5 17. Nc4 b6 18. Ng5 Bc8 19. Qf3 e6 20. Qxf7+ Kh8
21. Ne5 Rf8 22. Nxe6 Bxe6 23. Qxe6 Nb4 24. Be4 Qf6 25. Qxf6 Bxf6 26. Nd7 Nxa2 27. Ba3 Nb4 28. Rc1 Rbd8 29. Nxf8 Rxf8 30. Rxc7 Re8
31. Bxb4 Rxe4 32. Bc3 Re6 33. d5 Rd6 34. Rc6
1-0

[Event "Black Lives Matter"]
[Site "SchemingMind.com"]
[Date "2020.11.02"]
[Round "-"]
[White "Abstract Actuary"]
[Black "abuteague"]
[Result "1-0"]
[WhiteCountry "USA"]
[BlackCountry "USA"]
[WhiteElo "1858"]
[WhiteRD "71"]
[BlackElo "1629"]
[BlackRD "82"]
[GameID "461504"]

1. e4 d6 2. d4 Nf6 3. Nc3 c6 4. f4 Qa5 5. Bd2 e5 6. fxe5 dxe5 7. Nf3 exd4 8. Nxd4 Qb6 9. Nb3 Be7 10. Bc4 O-O
11. h3 Bb4 12. Qf3 a5 13. a3 Be7 14. a4 Na6 15. Be3 Qc7 16. O-O Be6 17. Bxe6 fxe6 18. Qe2 Rad8 19. Rad1 Bb4 20. Bd2 Qe5
21. Bf4 Qh5 22. Qxh5 Nxh5 23. Bg5 Rxd1 24. Nxd1 Rxf1+ 25. Kxf1 Nf6 26. e5 Ne4 27. Be3 Nec5 28. Nxc5 Bxc5 29. b3 Bxe3 30. Nxe3 Kf7
31. Nc4 Ke7 32. Ke2 Nc5 33. Nxa5 h6 34. Nc4 g5 35. Ke3 Nd7 36. Ke4 Nc5+ 37. Kd4 Nd7 38. a5 Kd8 39. Nd6 Kc7 40. Nf7 c5+
41. Ke4
1-0

[Event "Black Lives Matter"]
[Site "SchemingMind.com"]
[Date "2020.10.31"]
[Round "-"]
[White "abuteague"]
[Black "David Perna-Fraser"]
[Result "0-1"]
[WhiteCountry "USA"]
[BlackCountry "CAN"]
[WhiteElo "1650"]
[WhiteRD "78"]
[BlackElo "1870"]
[BlackRD "73"]
[GameID "461505"]

1. d4 Nf6 2. Bg5 Ne4 3. Bf4 g5 4. Bc1 h6 5. f3 Nf6 6. e4 d6 7. Nc3 Bg7 8. Be3 O-O 9. h4 g4 10. Qd2 gxf3
11. gxf3 Kh7 12. O-O-O b6 13. Bd3 e5 14. Nge2 Nh5 15. Rdg1 Qf6 16. Nd5 Qd8 17. Rg2 Be6 18. Rhg1 Rg8 19. Rxg7+ Rxg7 20. Rxg7+ Nxg7
21. Bxh6 Nd7 22. Bg5 f6 23. Be3 c6 24. Ndc3 Bf7 25. dxe5 Nxe5 26. f4 Nxd3+ 27. Qxd3 Bg6 28. f5 Bf7 29. a3 b5 30. Nf4 a5
31. Kb1 b4 32. Na4 bxa3 33. Qxa3 c5 34. Qc3 Qe7 35. Nd5 Bxd5 36. exd5 Re8 37. Bc1 Qe4 38. b3 Qxf5 39. Nb6 Re2 40. Bb2 Nh5
41. Qxa5 Qxc2+
0-1

[Event "Black Lives Matter"]
[Site "SchemingMind.com"]
[Date "2020.10.29"]
[Round "-"]
[White "abuteague"]
[Black "Helga1946"]
[Result "0-1"]
[WhiteCountry "USA"]
[BlackCountry "GER"]
[WhiteElo "1629"]
[WhiteRD "82"]
[BlackElo "2203"]
[BlackRD "65"]
[GameID "461506"]

1. d4 d5 2. c4 dxc4 3. Nf3 Nf6 4. e3 a6 5. Bxc4 e6 6. O-O c5 7. dxc5 Qxd1 8. Rxd1 Bxc5 9. Nbd2 O-O 10. Be2 Rd8
11. b3 b6 12. Bb2 Nbd7 13. Ne5 Nxe5 14. Bxe5 Bb7 15. Rac1 Rac8 16. Bf3 Ba8 17. Bxa8 Rxa8 18. Bxf6 gxf6 19. Ne4 Ba3 20. Rb1 f5
21. Nc3 Rxd1+ 22. Rxd1 Rc8 23. Na4 Rc6 24. g3 b5
0-1

[Event "Black Lives Matter"]
[Site "SchemingMind.com"]
[Date "2020.11.02"]
[Round "-"]
[White "dpickin"]
[Black "abuteague"]
[Result "0-1"]
[WhiteCountry "ENG"]
[BlackCountry "USA"]
[WhiteElo "1564"]
[WhiteRD "60"]
[BlackElo "1650"]
[BlackRD "78"]
[GameID "461507"]

1. d4 d6 2. c4 e5 3. Nc3 exd4 4. Qxd4 Nc6 5. Qd1 Nf6 6. Nf3 g6 7. e3 Bg7 8. Be2 O-O 9. O-O a6 10. e4 Be6
11. Na4 Nxe4 12. Bd3 Nf6 13. Bg5 Qd7 14. h3 Rfe8 15. Qb3 b5 16. Nc3 bxc4 17. Bxc4 Bxc4 18. Qxc4 Ne5 19. Qf4 Nxf3+ 20. Qxf3 Nh5
21. g4 Bxc3 22. Qxc3 Ng7 23. Bh6 Ne6 24. Rae1 f6 25. Re3 Qf7 26. Rfe1 Re7 27. Rxe6 Rxe6 28. Rxe6 Qxe6 29. Qxc7 Qe1+ 30. Kg2 Qe4+
31. Kf1 Qh1+ 32. Ke2 Re8+ 33. Kd2 Qe1+ 34. Kd3 Qe7 35. Qc4+ Kh8 36. Qf4 Qe2+ 37. Kd4 Qxb2+ 38. Kd5 Qe5+
0-1

[Event "Black Lives Matter"]
[Site "SchemingMind.com"]
[Date "2020.11.02"]
[Round "-"]
[White "abuteague"]
[Black "Mihir Chandrashekhar"]
[Result "1-0"]
[WhiteCountry "USA"]
[BlackCountry "IND"]
[WhiteElo "1629"]
[WhiteRD "82"]
[BlackElo "1743"]
[BlackRD "70"]
[GameID "461508"]

1. d4 Nf6 2. Bg5 Ne4 3. Bf4 d5 4. e3 g5 5. Be5 Nf6 6. Bxf6 exf6 7. Nc3 Bb4 8. Qd3 Qd7 9. O-O-O c6 10. h4 Qf5
11. Qxf5 Bxf5 12. Nce2 h5 13. hxg5 fxg5 14. Ng3 Bg6 15. Bd3 Bxd3 16. Rxd3 h4 17. Nf5 Rg8 18. Rb3 Be1 19. Rxb7 Bxf2 20. Nd6+ Kf8
21. Rxf7#
1-0

[Event "Black Lives Matter"]
[Site "SchemingMind.com"]
[Date "2020.11.01"]
[Round "-"]
[White "The Stonewall"]
[Black "Kenny Elliott"]
[Result "1-0"]
[WhiteCountry "ENG"]
[BlackCountry "USA"]
[WhiteElo "2509"]
[WhiteRD "82"]
[BlackElo "1534"]
[BlackRD "61"]
[GameID "461521"]

1. d4 Nf6 2. Nf3 g6 3. Nc3 Bg7 4. e4 O-O 5. e5 Ne8 6. Bc4 d6 7. Qe2 Bg4 8. Bg5 Bxf3 9. gxf3 Kh8 10. h4 Nf6
11. exf6 exf6 12. Be3 h5 13. O-O-O a6 14. Nd5 b5 15. Bd3 f5 16. Bxf5 c6 17. Bg5 Qa5 18. Ne7 Re8 19. Nxg6+ fxg6 20. Qxe8+ Kh7
21. Bxg6#
1-0

[Event "Black Lives Matter"]
[Site "SchemingMind.com"]
[Date "2020.10.31"]
[Round "-"]
[White "Gilligan"]
[Black "The Stonewall"]
[Result "0-1"]
[WhiteCountry "USA"]
[BlackCountry "ENG"]
[WhiteElo "1640"]
[WhiteRD "62"]
[BlackElo "2509"]
[BlackRD "82"]
[GameID "461522"]

1. e4 c5 2. Nf3 a6 3. d4 cxd4 4. Nxd4 Nf6 5. Nc3 e5 6. Nf3 Bb4 7. Bd2 O-O 8. Bd3 d6 9. O-O Bg4 10. Be2 Bxc3
11. Bxc3 Nxe4 12. Qd3 Nxc3 13. Qxc3 Nc6 14. Bc4 Rc8 15. Qe3 Nd4 16. Bd3 Bxf3 17. gxf3 Qf6 18. Kg2 Ne6 19. Rg1 d5 20. Kh1 g6
21. Rg3 Nf4 22. Rag1 Rfe8 23. Rg4 b5 24. b4 Rc3 25. Rxf4 Qxf4 26. Rg4 Qxe3 27. fxe3 h5 28. Rh4 f5 29. e4 dxe4 30. fxe4 f4
31. Rh3 Rd8 32. Rf3 Rd4 33. Rf2 Rxb4 34. Rg2 Rb1+
0-1

[Event "Black Lives Matter"]
[Site "SchemingMind.com"]
[Date "2020.11.02"]
[Round "-"]
[White "The Stonewall"]
[Black "Derek Price"]
[Result "1/2-1/2"]
[WhiteCountry "ENG"]
[BlackCountry "ENG"]
[WhiteElo "2482"]
[WhiteRD "78"]
[BlackElo "2259"]
[BlackRD "72"]
[GameID "461523"]

1. c4 e5 2. Nc3 Nf6 3. Nf3 Nc6 4. e3 Be7 5. Qb3 O-O 6. Be2 Re8 7. O-O Bc5 8. d3 d6 9. Rd1 a5 10. a3 Bd7
11. Qc2 Bg4 12. b3 d5 13. cxd5 Nxd5 14. Nxd5 Qxd5 15. h3 Bh5 16. Bb2 Be7 17. Rac1 h6 18. d4 e4 19. Bc4 Qf5 20. d5 Bxf3
21. gxf3 Ne5 22. Bxe5 Qxe5 23. Qxe4 Bxa3 24. Qxe5 Rxe5=
1/2-1/2

[Event "Black Lives Matter"]
[Site "SchemingMind.com"]
[Date "2020.11.01"]
[Round "-"]
[White "echecs"]
[Black "The Stonewall"]
[Result "0-1"]
[WhiteCountry "ENG"]
[BlackCountry "ENG"]
[WhiteElo "1832"]
[WhiteRD "66"]
[BlackElo "2509"]
[BlackRD "82"]
[GameID "461524"]

1. e4 Nc6 2. Nf3 d6 3. d4 Nf6 4. Nc3 g6 5. Be2 Bg7 6. O-O O-O 7. Re1 e5 8. dxe5 Nxe5 9. Nxe5 dxe5 10. Qxd8 Rxd8
11. Bg5 Be6 12. a3 c6 13. Bd3 h6 14. Be3 Ng4 15. Bc1 Bf8 16. b4 a5 17. bxa5 Rxa5 18. f3 Bc5+ 19. Kf1 Nf2 20. Ke2 Bd4
21. Bb2 c5 22. Rf1 c4 23. Rxf2 cxd3+ 24. cxd3 Rc5 25. Rc1 Rdc8 26. Rff1 Bxc3 27. Bxc3 Rxc3 28. Rxc3 Rxc3 29. Ra1 Bd7 30. a4 Rc2+
31. Kf1 Kg7 32. h3 Kf6 33. Kg1 Kg5 34. g3 Bxh3
0-1

[Event "Black Lives Matter"]
[Site "SchemingMind.com"]
[Date "2020.11.01"]
[Round "-"]
[White "The Stonewall"]
[Black "Abstract Actuary"]
[Result "1-0"]
[WhiteCountry "ENG"]
[BlackCountry "USA"]
[WhiteElo "2509"]
[WhiteRD "82"]
[BlackElo "1872"]
[BlackRD "73"]
[GameID "461525"]

1. d4 Nf6 2. Nf3 e6 3. Bg5 h6 4. Bh4 Be7 5. Nbd2 O-O 6. e4 d5 7. e5 Nfd7 8. Bxe7 Qxe7 9. Bd3 c5 10. c3 Nc6
11. O-O a6 12. Qe2 c4 13. Bb1 f6 14. Nh4 Qe8 15. f4 f5 16. g4 g6 17. Qg2 Kh7 18. Kh1 Rg8 19. Bc2 b5 20. Rf3 Nf8
21. Rg1 Ra7 22. gxf5 exf5 23. Bxf5 Bxf5 24. Nxf5 Qf7 25. Nd6 Qe6 26. Rh3 Ne7 27. Nf3 Kg7 28. Rh5 Nh7 29. f5 Nxf5 30. Nxf5+ Kf8
31. Nxh6 Rgg7 32. Ng5 Qe7 33. Nxh7+ Rxh7 34. Qxg6 Rg7 35. Rf1+
1-0

[Event "Black Lives Matter"]
[Site "SchemingMind.com"]
[Date "2020.10.31"]
[Round "-"]
[White "The Stonewall"]
[Black "Black Knight"]
[Result "1-0"]
[WhiteCountry "ENG"]
[BlackCountry "USA"]
[WhiteElo "2509"]
[WhiteRD "82"]
[BlackElo "1311"]
[BlackRD "59"]
[GameID "461526"]

1. d4 d5 2. Nf3 Bg4 3. Ne5 Be6 4. Bf4 f6 5. Nf3 g5 6. Bg3 Nc6 7. e3 Qd7 8. c4 O-O-O 9. Qa4 Kb8 10. Nc3 g4
11. Nd2 Bg7 12. Nb5 a6 13. Nxc7 Kc8 14. Na8 Qe8 15. Nb6#
1-0

[Event "Black Lives Matter"]
[Site "SchemingMind.com"]
[Date "2020.11.01"]
[Round "-"]
[White "abuteague"]
[Black "The Stonewall"]
[Result "0-1"]
[WhiteCountry "USA"]
[BlackCountry "ENG"]
[WhiteElo "1629"]
[WhiteRD "82"]
[BlackElo "2482"]
[BlackRD "78"]
[GameID "461527"]

1. d4 d5 2. c4 e6 3. Nf3 c6 4. e3 f5 5. Bd3 Nf6 6. O-O Bd6 7. b3 Qe7 8. Bb2 O-O 9. Nc3 b6 10. Rc1 g6
11. cxd5 exd5 12. Qc2 Bb7 13. a3 Bxa3 14. Bxa3 Qxa3 15. Ne5 Qd6 16. Ne2 Nbd7 17. Nxd7 Qxd7 18. h3 Qe7 19. Ra1 a5 20. Rfb1 Rfc8
21. Kh1 Ne4 22. Bxe4 fxe4 23. Qc3 Ba6 24. Nf4 g5 25. Nh5 Qf7 26. Ng3 Qxf2 27. Kh2 Qf6 28. b4 a4 29. Rxa4 Qd6 30. Rba1 Bb7
31. Qe1 Rxa4 32. Rxa4 h5 33. Kh1 Qg6 34. Qe2 g4 35. hxg4 hxg4 36. Kg1 Rf8 37. Ra1 Qg5 38. Rf1 Bc8 39. Rxf8+ Kxf8 40. Qf2+ Ke8
41. Qf4 Qxf4 42. exf4 Ke7 43. Ne2 e3 44. Kf1 Kd6 45. Ke1 c5 46. bxc5+ bxc5 47. dxc5+ Kxc5
0-1

[Event "Black Lives Matter"]
[Site "SchemingMind.com"]
[Date "2020.11.02"]
[Round "-"]
[White "David Perna-Fraser"]
[Black "The Stonewall"]
[Result "0-1"]
[WhiteCountry "CAN"]
[BlackCountry "ENG"]
[WhiteElo "1839"]
[WhiteRD "74"]
[BlackElo "2441"]
[BlackRD "79"]
[GameID "461528"]

1. e4 Nc6 2. d4 d5 3. e5 Bf5 4. c3 e6 5. Bd3 Nge7 6. Bg5 Qd7 7. Bxe7 Nxe7 8. Bxf5 Nxf5 9. Nf3 c5 10. g4 Ne7
11. h4 Nc6 12. Qd3 Rc8 13. Qe3 cxd4 14. Nxd4 Bc5 15. Na3 O-O 16. Nac2 f6 17. exf6 e5 18. Nxc6 Bxe3 19. Ne7+ Kf7 20. Nxe3 d4
21. Rd1 Rcd8 22. N3f5 g6 23. Nh6+ Kxf6 24. Nhg8+ Ke6 25. cxd4 Rf4 26. d5+ Kd6 27. g5 Re4+ 28. Kf1 Qb5+ 29. Kg2 Rg4+ 30. Kh3 Qe2
31. Rhg1 Qf3+ 32. Rg3 Rxh4+ 33. Kxh4 Qh5#
0-1